Madhya Pradesh district gazetteers: Vidisha (Record no. 487081)

000 -LEADER
fixed length control field 00345cam a22001097a 4500
008 - FIXED-LENGTH DATA ELEMENTS--GENERAL INFORMATION
fixed length control field 180718b1979 xxu||||| |||| 00| 0 eng d
082 ## - DEWEY DECIMAL CLASSIFICATION NUMBER
Classification number A75 M264V
100 ## - MAIN ENTRY--PERSONAL NAME
Personal name Shrivastava, P.N.
245 ## - TITLE STATEMENT
Title Madhya Pradesh district gazetteers: Vidisha
Statement of responsibility, etc. by P.N. Shrivastava and others
260 ## - PUBLICATION, DISTRIBUTION, ETC.
Place of publication, distribution, etc. Bhopal
Name of publisher, distributor, etc. District Gazetteers Department
Date of publication, distribution, etc. 1979
300 ## - PHYSICAL DESCRIPTION
Extent 406+p.
Holdings
Withdrawn status Lost status Damaged status Not for loan Permanent Location Current Location Date acquired Full call number Barcode Date last seen Price effective from Koha item type
        Indian Institute of Public Administration Indian Institute of Public Administration 2018-08-04 A75 M264V GG18153 2018-08-04 2018-08-04 GG

Powered by Koha